| 000 | 02212nam a2200409 a 4500 | ||
|---|---|---|---|
| 001 | ebr10271082 | ||
| 003 | CaPaEBR | ||
| 006 | m u | ||
| 007 | cr cn||||||||| | ||
| 008 | 061018s2007 ne sb 001 0 eng | ||
| 010 | _z 2006051758 | ||
| 015 |
_aGBA690863 _2bnb |
||
| 016 | 7 |
_z013584924 _2Uk |
|
| 020 | _z9004156062 (hardback : alk. paper) | ||
| 020 | _z9789004156067 (hardback : alk. paper) | ||
| 040 |
_aCaPaEBR _cCaPaEBR |
||
| 035 | _a(OCoLC)646789925 | ||
| 050 | 1 | 4 |
_aBV5091.V6 _bA33 2007eb |
| 082 | 0 | 4 |
_a248.2/9 _222 |
| 100 | 1 | _aAdams, Gwenfair Walters. | |
| 245 | 1 | 0 |
_aVisions in late medieval England _h[electronic resource] : _blay spirituality and sacred glimpses of the hidden worlds of faith / _cby Gwenfair Walters Adams. |
| 260 |
_aLeiden ; _aBoston : _bBrill, _c2007. |
||
| 300 | _axxiii, 273 p. | ||
| 490 | 1 |
_aStudies in the history of Christian traditions, _x1573-5664 ; _vv. 130 |
|
| 504 | _aIncludes bibliographical references (p. [225]-246) and index. | ||
| 505 | 0 | 0 |
_tTransactions of satisfaction and visions of the otherworld -- _tReciprocated devotion and visitations of the saints -- _tSpiritual warfare in demonic encounters -- _tSeeing through the surface : vision as supra-sacramental sight -- _tVisions, power, and the dynamic of mediated revelation -- _tAppendix A : Vision : range of uses of term in late medieval England -- _tAppendix B : Byland Abbey ghost stories as contemporary accounts -- _tAppendix C : Additional visions and vision types. |
| 533 |
_aElectronic reproduction. _bPalo Alto, Calif. : _cebrary, _d2013. _nAvailable via World Wide Web. _nAccess may be limited to ebrary affiliated libraries. |
||
| 650 | 0 |
_aVisions _xHistory _yTo 1500. |
|
| 650 | 0 |
_aSpirituality _xHistory of doctrines _yMiddle Ages, 600-1500. |
|
| 650 | 0 |
_aSpiritual warfare _xHistory _yTo 1500. |
|
| 650 | 0 |
_aChurch history _yMiddle Ages, 600-1500. |
|
| 651 | 0 |
_aEngland _xChurch history _y1066-1485. |
|
| 655 | 7 |
_aElectronic books. _2local |
|
| 710 | 2 | _aebrary, Inc. | |
| 830 | 0 |
_aStudies in the history of Christian traditions ; _vv. 130. |
|
| 856 | 4 | 0 |
_uhttp://site.ebrary.com/lib/rucke/Doc?id=10271082 _zAn electronic book accessible through the World Wide Web; click to view |
| 999 |
_c7201 _d7201 |
||